| 000 | 00712nam a2200205 a 4500 | ||
|---|---|---|---|
| 005 | 20231123063623.0 | ||
| 008 | 141003s2012 mx r 000 0 spa d | ||
| 020 | _a9786074671926 | ||
| 035 | _aUPN01000199967 | ||
| 049 | _aLTG | ||
| 050 | 4 |
_aLB1571 _bM6.3 2011 LM |
|
| 245 | 0 | 0 |
_aProgramas de estudio 2011 : _bguía para el maestro : educación básica : primaria : tercer grado / _ccoord. Noemí García García. |
| 260 |
_aMéxico : _bSEP, _c2012. |
||
| 300 |
_a481 p. : _bil. col. |
||
| 440 | 0 | _aReforma integral de la educación básica | |
| 650 | 4 |
_aEducación primaria _zMéxico _xPlanes y programas _99975 |
|
| 700 | 1 |
_aGarcía García, Noemí, _ecoord. _932630 |
|
| 905 | _aLibro | ||
| 999 |
_c172068 _d172068 |
||